|
|
|
|
| LEADER |
01653nam a22003734a 4500 |
| 001 |
EBC308590 |
| 003 |
MiAaPQ |
| 005 |
20200520144314.0 |
| 006 |
m o d | |
| 007 |
cr cn||||||||| |
| 008 |
041108s2005 enk sb 001 0 eng |
| 010 |
|
|
|z 2004026545
|
| 020 |
|
|
|z 0415273943 (hb)
|
| 035 |
|
|
|a (MiAaPQ)EBC308590
|
| 035 |
|
|
|a (Au-PeEL)EBL308590
|
| 035 |
|
|
|a (CaPaEBR)ebr10227296
|
| 035 |
|
|
|a (CaONFJC)MIL115787
|
| 035 |
|
|
|a (OCoLC)476089936
|
| 040 |
|
|
|a MiAaPQ
|c MiAaPQ
|d MiAaPQ
|
| 050 |
|
4 |
|a HB501
|b .L525 2005
|
| 082 |
0 |
4 |
|a 330.12/2
|2 22
|
| 100 |
1 |
|
|a Lippit, Victor D.
|
| 245 |
1 |
0 |
|a Capitalism
|h [electronic resource] /
|c Victor D. Lippit.
|
| 260 |
|
|
|a London ;
|a New York :
|b Routledge,
|c 2005.
|
| 300 |
|
|
|a xvi, 188 p.
|
| 490 |
1 |
|
|a Routledge frontiers of political economy ;
|v 71
|
| 504 |
|
|
|a Includes bibliographical references (p. [176]-182) and index.
|
| 505 |
0 |
|
|a The capitalist system -- Social structures of accumulation: the theoretical issues -- Social structures of accumulation: the reinvention of American capitalism -- Capitalism, globalization and technological change -- Capitalism and the economic surplus -- Capitalism and class -- Capitalism and the environment -- The future of capitalism.
|
| 533 |
|
|
|a Electronic reproduction. Ann Arbor, MI : ProQuest, 2015. Available via World Wide Web. Access may be limited to ProQuest affiliated libraries.
|
| 650 |
|
0 |
|a Capitalism.
|
| 655 |
|
4 |
|a Electronic books.
|
| 710 |
2 |
|
|a ProQuest (Firm)
|
| 830 |
|
0 |
|a Routledge frontiers of political economy ;
|v 71.
|
| 856 |
4 |
0 |
|u https://ebookcentral.proquest.com/lib/matrademy/detail.action?docID=308590
|z Click to View
|